000 00825cam a22002773a 4500
001 28341
003 PGUSA
005 20140828083619.0
008 090316s2009||||xxu|||||s|||||000 1 eng d
040 _aPGUSA
_beng
042 _adc
050 4 _aPQ
100 1 _aVerne, Jules,
_d1828-1905
245 1 0 _aDa terra à lua :
_bviagem directa em 97 horas e 20 minutos
_h[electronic resource] /
_cJules Verne
260 _bProject Gutenberg,
_c2009
506 _aPublic domain in the USA.
516 _aElectronic text
653 _aSpace flight to the moon -- Fiction
653 _aMoon -- Fiction
653 _aScience fiction
653 _aSpace ships -- Fiction
653 _aManned space flight -- Fiction
830 0 _aProject Gutenberg
_v28341
856 4 0 _uhttp://www.gutenberg.org/ebooks/28341
942 _cEB
999 _c257596
_d257596